[Event "WCh Women 2017"]
[Site "Tehran IRI"]
[Date "2017.02.16"]
[Round "2.4"]
[White "Saduakassova, Dinara"]
[Black "Harika, Dronavalli"]
[Result "1/2-1/2"]
[WhiteElo "2428"]
[BlackElo "2539"]
[PlyCount "97"]
[EventDate "2017.02.11"]

1. d4 Nf6 2. c4 e6 3. Nf3 d5 4. g3 Be7 5. Bg2 O-O 6. O-O dxc4 7. Qc2 a6 8. a4
Bd7 9. Qxc4 Bc6 10. Bg5 h6 11. Bf4 Bd6 12. Nc3 Nd5 13. Bd2 Nxc3 14. Bxc3 Nd7
15. Qd3 Nf6 16. Rfc1 Qe7 17. Ba5 Be4 18. Qe3 Rac8 19. Nd2 Bxg2 20. Kxg2 b6 21.
Bc3 b5 22. Nb3 Nd5 23. Qf3 c5 24. dxc5 Bxc5 25. axb5 axb5 26. e4 Nxc3 27. Qxc3
Bxf2 28. Qxc8 Rxc8 29. Rxc8+ Kh7 30. Rf1 Bb6 31. Rc6 Qb4 32. Rxb6 Qxb3 33. Rxf7
Qxb2+ 34. Rf2 Qe5 35. Kg1 Qa1+ 36. Kg2 Qe5 37. Re2 Qc5 38. Rb7 Qc4 39. Kf3 Qd3+
40. Kf2 Qd4+ 41. Re3 Qd2+ 42. Kf3 Qd1+ 43. Kf4 Qf1+ 44. Rf3 e5+ 45. Ke3 Qe1+
46. Kd3 Qd1+ 47. Ke3 Qe1+ 48. Kd3 Qd1+ 49. Ke3 1/2-1/2

[Event "WCh Women 2017"]
[Site "Tehran IRI"]
[Date "2017.02.16"]
[Round "2.4"]
[White "Padmini, Rout"]
[Black "Zhao, Xue"]
[Result "1/2-1/2"]
[WhiteElo "2387"]
[BlackElo "2505"]
[PlyCount "151"]
[EventDate "2017.02.11"]

1. e4 e5 2. Nf3 Nc6 3. Bc4 Bc5 4. O-O Nf6 5. d3 a6 6. c3 Ba7 7. Bb3 d6 8. Re1
h6 9. Nbd2 g5 10. Nf1 g4 11. N3d2 h5 12. Nc4 b5 13. Nce3 h4 14. Nd5 g3 15. Be3
gxf2+ 16. Bxf2 Bxf2+ 17. Kxf2 Na5 18. Nxf6+ Qxf6+ 19. Qf3 Qg7 20. Ne3 Rh6 21.
Kg1 h3 22. g3 Rf6 23. Nf5 Qg5 24. Rf1 Kf8 25. Bd1 Bxf5 26. exf5 Rb8 27. Rf2 Ke7
28. Qg4 Qe3 29. Qe4 Nc4 30. Bg4 d5 31. Qxe3 Nxe3 32. Bxh3 Rh8 33. Bg2 Kd6 34.
Re1 Ng4 35. Rfe2 Rxh2 36. Bf3 Rxe2 37. Rxe2 Nh6 38. g4 Ng8 39. Kf2 Ne7 40. Kg3
Rh6 41. Re1 f6 42. a4 Rh8 43. axb5 axb5 44. Ra1 c6 45. Ra7 Rb8 46. b4 Rg8 47.
Kf2 Rh8 48. Kg3 Rf8 49. Ra1 Rg8 50. Kf2 Rh8 51. Kg3 Nc8 52. Ra8 Kc7 53. Ra1 Kb7
54. Ra2 Nb6 55. Ra1 Rh7 56. Rh1 Rxh1 57. Bxh1 Kc7 58. g5 Kd7 59. gxf6 Ke8 60.
Kg4 Kf7 61. Kg5 Nd7 62. Bf3 Nxf6 63. Be2 Nh7+ 64. Kh6 Nf6 65. Kg5 Kg7 66. Bf3
Nh7+ 67. Kh4 Kf6 68. Bh5 Ng5 69. Be8 e4 70. dxe4 Nxe4 71. Bxc6 Nxc3 72. Kg4 Ke5
73. Kg5 Ne4+ 74. Kg6 Nd6 75. f6 d4 76. Bxb5 1/2-1/2

[Event "WCh Women 2017"]
[Site "Tehran IRI"]
[Date "2017.02.16"]
[Round "2.4"]
[White "Buksa, Nataliya"]
[Black "Guramishvili, Sopiko"]
[Result "1/2-1/2"]
[WhiteElo "2302"]
[BlackElo "2357"]
[PlyCount "175"]
[EventDate "2017.02.11"]

1. e4 d6 2. d4 Nf6 3. Nc3 g6 4. f4 Bg7 5. Nf3 Nc6 6. Bd3 O-O 7. e5 dxe5 8. dxe5
Nd5 9. O-O Nxc3 10. bxc3 f6 11. exf6 Rxf6 12. Ne5 Nxe5 13. Bc4+ Be6 14. fxe5
Bxc4 15. exf6 Bxf1 16. Qxd8+ Rxd8 17. fxg7 Rd1 18. Bb2 Rxa1 19. Bxa1 Bc4 20. a3
Kxg7 21. Kf2 Kf6 22. Bb2 Ke5 23. Ke3 a5 24. Bc1 c6 25. Bd2 b5 26. Be1 Bd5 27.
g3 Bc4 28. Bf2 Kd5 29. Kd2 Ke4 30. Bb6 a4 31. Bd8 e6 32. Bc7 g5 33. Bd8 g4 34.
Bc7 Kf3 35. Bd6 Ba2 36. Bc7 Bd5 37. Kd3 Be4+ 38. Kd2 Bg6 39. c4 Kg2 40. cxb5
cxb5 41. c3 Kxh2 42. Ke3 Kg2 43. Kf4 Bf5 44. Bd6 Kf2 45. Bc7 Ke2 46. Bd6 Kd3
47. Bb4 Kc4 48. Ke5 h5 49. Kf4 Kd5 50. Ba5 Bg6 51. Bc7 Be8 52. Bd8 e5+ 53. Ke3
Bg6 54. Be7 Kc4 55. Bd6 e4 56. Bb4 Bh7 57. Ke2 Bg6 58. Ke3 Kb3 59. Kd2 Kb2 60.
Bd6 Kb3 61. Be7 Bf7 62. Bd6 Bd5 63. Bc5 Bc6 64. Bd6 h4 65. gxh4 g3 66. Bxg3
Kxa3 67. Kc2 e3 68. Bd6+ Ka2 69. Kd3 Kb2 70. Be5 Kb3 71. Kxe3 a3 72. Kd2 Be4
73. c4 Kxc4 74. Kc1 b4 75. Bd6 Kc3 76. h5 Bh7 77. h6 Bg6 78. Be7 Bh7 79. Bd6
Kc4 80. Be7 Kb5 81. Bf8 Ka4 82. Be7 b3 83. Bf6 Kb5 84. Bg7 Kc6 85. Bb2 axb2+
86. Kxb2 Bc2 87. h7 Bxh7 88. Kxb3 1/2-1/2

[Event "WCh Women 2017"]
[Site "Tehran IRI"]
[Date "2017.02.16"]
[Round "2.5"]
[White "Khurtsidze, Nino"]
[Black "Batsiashvili, Nino"]
[Result "1-0"]
[WhiteElo "2383"]
[BlackElo "2492"]
[PlyCount "137"]
[EventDate "2017.02.11"]

1. d4 d5 2. Nf3 Nf6 3. c4 e6 4. e3 c5 5. cxd5 exd5 6. Bb5+ Bd7 7. Bxd7+ Nbxd7
8. dxc5 Bxc5 9. O-O O-O 10. Bd2 Qe7 11. Bc3 a6 12. Qb3 b5 13. Bxf6 Nxf6 14. Nc3
Rfd8 15. Rad1 Qb7 16. Rd3 Rd6 17. Rfd1 Rad8 18. Nd4 b4 19. Nce2 g6 20. Nf4 R8d7
21. h3 Ba7 22. Rc1 Ne4 23. Rdd1 Nc5 24. Qc2 a5 25. Qe2 Bb6 26. h4 h5 27. Nf3
Ne4 28. Nd4 Rd8 29. Qb5 R8d7 30. Rc2 Kh7 31. Rdc1 Bxd4 32. Qxb7 Rxb7 33. exd4
Kg7 34. f3 Nf6 35. Rc5 a4 36. Ra5 a3 37. b3 Rd8 38. Kf2 Rdd7 39. Nd3 Rd8 40.
Ra4 Rdb8 41. Rc5 Nd7 42. Rc6 Nf8 43. Nf4 Ne6 44. Nxe6+ fxe6 45. Rxe6 Rc8 46.
Re2 Rc3 47. Ra5 Rbc7 48. Rxd5 Rc2 49. Rde5 Kf6 50. Re6+ Kf7 51. Re7+ Kf6 52.
Rxc7 Rxc7 53. d5 Rc3 54. Rd2 Ke7 55. d6+ Kd7 56. Kg3 Rc5 57. Kf4 Rf5+ 58. Ke4
Rc5 59. g4 hxg4 60. fxg4 Rc3 61. Ke5 Rf3 62. Rd4 Rf2 63. Rxb4 Re2+ 64. Kf6 Rxa2
65. Kxg6 Rd2 66. Ra4 a2 67. h5 Rxd6+ 68. Kg7 Rd4 69. Rxd4+ 1-0

[Event "WCh Women 2017"]
[Site "Tehran IRI"]
[Date "2017.02.16"]
[Round "2.7"]
[White "Batsiashvili, Nino"]
[Black "Khurtsidze, Nino"]
[Result "1/2-1/2"]
[WhiteElo "2492"]
[BlackElo "2383"]
[PlyCount "169"]
[EventDate "2017.02.11"]

1. d4 Nf6 2. Nf3 d5 3. Bf4 c5 4. e3 Nc6 5. Nbd2 cxd4 6. exd4 Bf5 7. c3 e6 8.
Qb3 Qc8 9. Be2 Be7 10. O-O O-O 11. Rfe1 Ne4 12. Nf1 h6 13. h3 Bd6 14. Bxd6 Nxd6
15. Ne3 Be4 16. Ne5 Qc7 17. Nd3 Na5 18. Qd1 Nac4 19. Nxc4 Nxc4 20. b3 Nd6 21.
Rc1 Qa5 22. a4 Rac8 23. b4 Qd8 24. Ne5 Qg5 25. Bf1 Bf5 26. g3 Rc7 27. h4 Qe7
28. Bg2 Rfc8 29. Re3 Be4 30. Bxe4 Nxe4 31. Qf3 Nd2 32. Qd1 Nc4 33. Nxc4 Rxc4
34. Qd2 Qd7 35. a5 Qc7 36. a6 b6 37. b5 Ra4 38. Rb1 Qc4 39. Qb2 Ra2 40. Qb3
Qxb3 41. Rxb3 Rc4 42. Kf1 Kf8 43. Re2 Ra1+ 44. Re1 Ra5 45. Ke2 Ra2+ 46. Kf3 Rc2
47. Re3 Ra4 48. Re2 Rc1 49. Ke3 Ke7 50. Kd3 Kd6 51. Rbb2 Ra5 52. Rec2 Rd1+ 53.
Rd2 Rxd2+ 54. Kxd2 f6 55. f4 e5 56. fxe5+ fxe5 57. dxe5+ Kxe5 58. Kd3 Kd6 59.
Rf2 Ke6 60. Re2+ Kf6 61. Re8 Rxb5 62. Ra8 Ra5 63. Rxa7 Ra4 64. Ra8 Kf5 65. Kc2
Kg4 66. Rg8 g5 67. hxg5 hxg5 68. Rd8 Rxa6 69. Rxd5 Ra7 70. Kb3 Rg7 71. Rd3 Rc7
72. Kb4 Rc5 73. Re3 Rf5 74. Rd3 Kh3 75. c4 g4 76. Re3 Rf3 77. Re6 Rxg3 78. Rxb6
Rg1 79. Rh6+ Kg2 80. c5 g3 81. c6 Rc1 82. Kb5 Kg1 83. Rg6 g2 84. Rxg2+ Kxg2 85.
Kb6 1/2-1/2

[Event "WCh Women 2017"]
[Site "Tehran IRI"]
[Date "2017.02.16"]
[Round "2.7"]
[White "Buksa, Nataliya"]
[Black "Guramishvili, Sopiko"]
[Result "1/2-1/2"]
[WhiteElo "2302"]
[BlackElo "2357"]
[PlyCount "197"]
[EventDate "2017.02.11"]

1. e4 c5 2. Nf3 e6 3. d4 cxd4 4. Nxd4 Nc6 5. Nc3 Qc7 6. f4 a6 7. Nxc6 bxc6 8.
Bd3 d5 9. O-O Bc5+ 10. Kh1 Ne7 11. Qe2 Bb7 12. b3 Bd4 13. Bb2 c5 14. exd5 exd5
15. Rae1 Bf6 16. Na4 d4 17. Ba3 O-O 18. Bxc5 Rfe8 19. Qf2 Nc6 20. Nb6 Ne7 21.
Bxd4 Bxd4 22. Qxd4 Rad8 23. Qf2 Rd6 24. Nc4 Rh6 25. Ne5 Rf8 26. Bc4 Nf5 27.
Nxf7 Rf6 28. Nd6+ Kh8 29. Nxb7 Qxb7 30. Re5 Nd6 31. Bd5 Qc7 32. g3 Nb5 33. c4
Qxe5 34. fxe5 Rxf2 35. Rxf2 Rxf2 36. cxb5 axb5 37. a4 bxa4 38. bxa4 Re2 39. e6
Re5 40. Bb3 g6 41. Kg2 Kg7 42. Kf3 Kf6 43. Kf4 Re1 44. Bc4 Ra1 45. Bb5 h6 46.
h4 Kxe6 47. Kg4 Kf6 48. Kf4 Rb1 49. Be8 Rb4+ 50. Kf3 Rb3+ 51. Kf4 Ra3 52. Kg4
g5 53. hxg5+ hxg5 54. Bb5 Rb3 55. Bc6 Rc3 56. Bb5 Re3 57. Bc6 Rb3 58. Bb5 Rb4+
59. Kh5 Rd4 60. Bc6 Rd6 61. Be4 Ra6 62. Bc2 Ra8 63. Kg4 Rc8 64. Bd3 Rc3 65. Bb5
Rc7 66. Bd3 Ra7 67. Bb5 Ra8 68. Bc6 Rc8 69. Bb5 Rd8 70. Bc6 Rc8 71. Bb5 Rf8 72.
a5 Rb8 73. Bc6 Rb4+ 74. Kh5 Rc4 75. Bb7 Ra4 76. a6 Ra3 77. Kg4 Ra4+ 78. Kh5 Ra3
79. Kg4 Ra5 80. Bc8 Ra4+ 81. Kh5 Ra5 82. Kg4 Kg6 83. Bb7 Ra4+ 84. Kf3 Kf5 85.
Bc8+ Ke5 86. Bb7 Kd6 87. Ke3 Kc7 88. Kf3 Kb6 89. Ke3 Ra3+ 90. Kf2 Kc5 91. Kg2
Kb6 92. Kh3 Ra4 93. Bc8 Kc7 94. Bb7 Kb6 95. Bc8 Rc4 96. Bb7 Ka7 97. Kg2 Rc3 98.
Kf2 Kb6 99. Kg2 1/2-1/2

[Event "WCh Women 2017"]
[Site "Tehran IRI"]
[Date "2017.02.16"]
[Round "2.8"]
[White "Khurtsidze, Nino"]
[Black "Batsiashvili, Nino"]
[Result "1/2-1/2"]
[WhiteElo "2383"]
[BlackElo "2492"]
[PlyCount "137"]
[EventDate "2017.02.11"]

1. d4 d5 2. Nf3 Nf6 3. c4 e6 4. e3 a6 5. Nc3 c5 6. dxc5 Bxc5 7. cxd5 exd5 8.
Be2 Nc6 9. O-O O-O 10. Na4 Ba7 11. b3 b5 12. Nc3 Bg4 13. Bb2 Qd6 14. Nh4 Bb8
15. g3 Bh3 16. Re1 Ba7 17. Bf3 Rad8 18. Ne2 Ne5 19. Bg2 Bxg2 20. Kxg2 Ne4 21.
Nd4 Qf6 22. Ndf3 Bb8 23. Rf1 Qe7 24. Nxe5 Bxe5 25. Bxe5 Qxe5 26. Nf3 Qf6 27.
Qd4 Qxd4 28. Nxd4 Rc8 29. Rfc1 Nc3 30. Rc2 Rc7 31. a3 Rfc8 32. Rac1 a5 33. Kf1
b4 34. axb4 axb4 35. Ne2 Nb5 36. Rxc7 Rxc7 37. Rxc7 Nxc7 38. Nd4 Kf8 39. Ke2
Ke8 40. Kd3 Kd7 41. Nc2 Na6 42. Kd4 Kd6 43. f3 f6 44. e4 dxe4 45. fxe4 Nc5 46.
Kc4 Nxe4 47. Nxb4 g5 48. Kd4 Nd2 49. Nd3 Nxb3+ 50. Ke4 Ke6 51. Kf3 Nd4+ 52. Kg4
Kf7 53. h4 gxh4 54. Kxh4 Kg6 55. Kg4 h5+ 56. Kf4 Ne6+ 57. Kf3 Kg5 58. Nf2 Nd4+
59. Kg2 Kf5 60. Kh3 Kg5 61. Ne4+ Kf5 62. Nf2 Nf3 63. g4+ hxg4+ 64. Nxg4 Ng1+
65. Kg3 Ne2+ 66. Kh3 Nf4+ 67. Kg3 Ne2+ 68. Kh4 Nd4 69. Nxf6 1/2-1/2

[Event "WCh Women 2017"]
[Site "Tehran IRI"]
[Date "2017.02.19"]
[Round "3.1"]
[White "Ju, Wenjun"]
[Black "Girya, Olga"]
[Result "1/2-1/2"]
[WhiteElo "2583"]
[BlackElo "2458"]
[PlyCount "68"]
[EventDate "2017.02.11"]

1. e4 c6 2. d4 d5 3. e5 Bf5 4. Nf3 e6 5. Be2 Ne7 6. c3 h6 7. O-O Nd7 8. Nbd2
Bg6 9. b4 a5 10. Nb3 a4 11. Nc5 Nxc5 12. bxc5 Nc8 13. Ne1 b6 14. cxb6 Nxb6 15.
Nd3 Be7 16. Nf4 Be4 17. Bd3 Bxd3 18. Qxd3 Nc4 19. Qg3 g6 20. Rb1 Rb8 21. Qd3
Kd7 22. Be3 Na3 23. Rxb8 Qxb8 24. Qa6 Qa8 25. Qe2 Qb7 26. Nd3 Qb5 27. Rc1 Qc4
28. Qd2 h5 29. h4 Rb8 30. Bg5 Bf8 31. g3 Nb1 32. Qc2 Na3 33. Qd2 Nb1 34. Qc2
Na3 1/2-1/2

[Event "WCh Women 2017"]
[Site "Tehran IRI"]
[Date "2017.02.19"]
[Round "3.1"]
[White "Guramishvili, Sopiko"]
[Black "Harika, Dronavalli"]
[Result "1/2-1/2"]
[WhiteElo "2357"]
[BlackElo "2539"]
[PlyCount "98"]
[EventDate "2017.02.11"]

1. d4 Nf6 2. Nf3 e6 3. Bf4 b6 4. Nbd2 Bb7 5. e3 c5 6. c3 Be7 7. Bd3 cxd4 8.
exd4 O-O 9. h3 d6 10. O-O Re8 11. Re1 Nbd7 12. Qc2 a6 13. a4 Rc8 14. Qb3 Qc7
15. Bh2 h6 16. Rac1 Bf8 17. Bb1 Bc6 18. Qa3 b5 19. a5 e5 20. b4 Qb7 21. Qb2
exd4 22. cxd4 Bd5 23. Bd3 Nb8 24. Bg3 Rxc1 25. Rxc1 Rc8 26. Rxc8 Qxc8 27. Ne1
Qe6 28. Nc2 Ne4 29. Bxe4 Bxe4 30. Ne3 Nc6 31. Kh2 d5 32. Nxe4 Qxe4 33. Qc3 Qe6
34. Nc2 g6 35. f3 h5 36. Kg1 Kh7 37. Kf1 Kg8 38. Be1 Be7 39. Qd2 Bd6 40. Qc3
Bf8 41. Bd2 Be7 42. Be1 Kf8 43. Qd2 Kg7 44. Qd3 Bf6 45. Qd2 Ne7 46. Qc3 Nf5 47.
g4 hxg4 48. hxg4 Ne7 49. Qc7 Qc6 1/2-1/2

[Event "WCh Women 2017"]
[Site "Tehran IRI"]
[Date "2017.02.19"]
[Round "3.1"]
[White "Pogonina, Natalija"]
[Black "Ni, Shiqun"]
[Result "1/2-1/2"]
[WhiteElo "2487"]
[BlackElo "2399"]
[PlyCount "85"]
[EventDate "2017.02.11"]

1. d4 d5 2. c4 c6 3. e3 Nf6 4. Nc3 Bf5 5. Nf3 a6 6. Be2 h6 7. Bd3 Bxd3 8. Qxd3
e6 9. O-O Bb4 10. Bd2 O-O 11. a3 Ba5 12. b4 Bc7 13. e4 dxe4 14. Nxe4 Nbd7 15.
Nxf6+ Qxf6 16. Rfe1 Rfd8 17. Qe4 Nf8 18. a4 Qg6 19. a5 Qxe4 20. Rxe4 Rd7 21.
Bc3 Ng6 22. Ree1 Bd8 23. Nd2 Bf6 24. Nb3 Rad8 25. Nc5 Rc7 26. Rad1 Nh4 27. Ne4
Be7 28. Rd3 Nf5 29. g4 Nd6 30. Nxd6 Bxd6 31. Kg2 Rcd7 32. h3 g5 33. Red1 Be7
34. Kf3 Bf6 35. Ke3 Kg7 36. f3 Kg6 37. Be1 h5 38. Bc3 hxg4 39. hxg4 Bg7 40. Kf2
Bf6 41. Kg2 Bg7 42. R3d2 Bf6 43. Rd3 1/2-1/2

[Event "WCh Women 2017"]
[Site "Tehran IRI"]
[Date "2017.02.19"]
[Round "3.1"]
[White "Tan, Zhongyi"]
[Black "Padmini, Rout"]
[Result "1/2-1/2"]
[WhiteElo "2502"]
[BlackElo "2387"]
[PlyCount "120"]
[EventDate "2017.02.11"]

1. d4 d5 2. c4 e6 3. Nf3 Nf6 4. Nc3 c5 5. cxd5 Nxd5 6. e4 Nxc3 7. bxc3 cxd4 8.
cxd4 Bb4+ 9. Bd2 Bxd2+ 10. Qxd2 O-O 11. Bc4 Nd7 12. O-O b6 13. Qe2 Bb7 14. Ba6
Bxa6 15. Qxa6 Qc8 16. Qe2 Qb7 17. e5 Qd5 18. Rfd1 h6 19. Nd2 Rac8 20. Qe3 b5
21. Ne4 Nb6 22. Rd3 Nd7 23. h3 f5 24. Nd6 Rc7 25. Qf3 Qxf3 26. Rxf3 a6 27. Ra3
Nb8 28. Rd1 f4 29. Re1 g5 30. Rd3 Nd7 31. d5 Nb6 32. dxe6 Re7 33. Ne4 Rxe6 34.
Nc5 Rc6 35. Nxa6 Nc4 36. Nb4 Re6 37. Rd5 Rfe8 38. Nd3 Rb6 39. Nc5 Kf7 40. e6+
Kg6 41. Red1 Rc6 42. h4 Nb6 43. Rd8 Rxd8 44. Rxd8 Nc8 45. Nb3 Ne7 46. Nd4 Ra6
47. h5+ Kf6 48. Rf8+ Ke5 49. Nxb5 Rxa2 50. Rh8 g4 51. Rf8 g3 52. fxg3 fxg3 53.
Rf1 Kxe6 54. Re1+ Kf6 55. Nc3 Ra3 56. Ne4+ Kf7 57. Nd6+ Kf6 58. Ne4+ Kf7 59.
Nd6+ Kf6 60. Ne4+ Ke5 1/2-1/2

[Event "WCh Women 2017"]
[Site "Tehran IRI"]
[Date "2017.02.19"]
[Round "3.2"]
[White "Girya, Olga"]
[Black "Ju, Wenjun"]
[Result "1/2-1/2"]
[WhiteElo "2458"]
[BlackElo "2583"]
[PlyCount "69"]
[EventDate "2017.02.11"]

1. d4 Nf6 2. c4 e6 3. Nf3 d5 4. Nc3 Bb4 5. cxd5 exd5 6. Qa4+ Nc6 7. Bg5 h6 8.
Bxf6 Qxf6 9. e3 O-O 10. Be2 a6 11. a3 Bxc3+ 12. bxc3 Bf5 13. O-O Qd6 14. c4 b5
15. cxb5 axb5 16. Qxb5 Rfb8 17. Qc5 Qxc5 18. dxc5 Rb2 19. Rfe1 Ra5 20. Bf1 Rxc5
21. Rec1 Rxc1 22. Rxc1 Bc2 23. Ne1 Ba4 24. Nd3 Rc2 25. Rb1 Rc3 26. Rb7 Rxa3 27.
Nc5 Bd1 28. Rxc7 Ra1 29. f3 Be2 30. Kf2 Bxf1 31. Rxc6 Rc1 32. Rc8+ Kh7 33. Rf8
Rxc5 34. Kxf1 Kg6 35. Rd8 1/2-1/2

[Event "WCh Women 2017"]
[Site "Tehran IRI"]
[Date "2017.02.19"]
[Round "3.2"]
[White "Harika, Dronavalli"]
[Black "Guramishvili, Sopiko"]
[Result "1/2-1/2"]
[WhiteElo "2539"]
[BlackElo "2357"]
[PlyCount "72"]
[EventDate "2017.02.11"]

1. d4 d5 2. c4 dxc4 3. Nf3 Nf6 4. e3 e6 5. Bxc4 c5 6. O-O Nc6 7. Qe2 a6 8. Nc3
b5 9. Bb3 Be7 10. Rd1 Qc7 11. d5 exd5 12. Nxd5 Nxd5 13. Bxd5 O-O 14. b3 Bb7 15.
Bb2 Rad8 16. e4 Nb4 17. Bxb7 Qxb7 18. Bc3 Nc6 19. Qb2 Rxd1+ 20. Rxd1 Rd8 21.
Rxd8+ Nxd8 22. Bxg7 Qxe4 23. h3 Ne6 24. Be5 Nf4 25. Bxf4 Qxf4 26. Qe2 Bf6 27.
g3 Qf5 28. Kg2 Qd5 29. Kh2 c4 30. bxc4 Qxc4 31. Qd2 Qe4 32. Ne1 b4 33. Nd3 a5
34. h4 Qd4 35. Qe2 Kf8 36. Qf3 Ke7 1/2-1/2

[Event "WCh Women 2017"]
[Site "Tehran IRI"]
[Date "2017.02.19"]
[Round "3.2"]
[White "Shen, Yang"]
[Black "Dzagnidze, Nana"]
[Result "1/2-1/2"]
[WhiteElo "2479"]
[BlackElo "2525"]
[PlyCount "77"]
[EventDate "2017.02.11"]

1. e4 c5 2. Ne2 e5 3. Nbc3 Nc6 4. g3 g6 5. Bg2 Bg7 6. d3 Nge7 7. Bg5 d6 8. Nd5
h6 9. Be3 Nxd5 10. exd5 Nd4 11. Nc1 O-O 12. c3 Nf5 13. Bd2 Ne7 14. Ne2 Bf5 15.
Be3 Qd7 16. Qd2 Bh3 17. Bxh3 Qxh3 18. c4 b5 19. Nc3 bxc4 20. dxc4 e4 21. O-O-O
Rfb8 22. b3 a5 23. Nb5 a4 24. b4 Qd7 25. bxc5 Rxb5 26. cxb5 Qxb5 27. Qc2 Qb4
28. Rd2 Bc3 29. Re1 Rc8 30. Kd1 f5 31. cxd6 Qxd6 32. Bf4 Qd7 33. d6 Bxd2 34.
Qxd2 Qb5 35. dxe7 Qb1+ 36. Ke2 Qb5+ 37. Ke3 Qb6+ 38. Ke2 Qb5+ 39. Kd1 1/2-1/2

[Event "WCh Women 2017"]
[Site "Tehran IRI"]
[Date "2017.02.19"]
[Round "3.2"]
[White "Khurtsidze, Nino"]
[Black "Stefanova, Antoaneta"]
[Result "1/2-1/2"]
[WhiteElo "2383"]
[BlackElo "2512"]
[PlyCount "81"]
[EventDate "2017.02.11"]

1. d4 d5 2. c4 c6 3. Nc3 Nf6 4. e3 g6 5. Nf3 Bg7 6. Bd3 O-O 7. O-O e6 8. e4
dxe4 9. Nxe4 Nxe4 10. Bxe4 Qc7 11. Bg5 Nd7 12. Qd2 e5 13. Bh6 Nf6 14. Rfe1 Bxh6
15. Qxh6 Ng4 16. Qh4 f5 17. Bc2 e4 18. Bb3 Qd8 19. h3 Qxh4 20. Nxh4 Nf6 21. g3
g5 22. Ng2 Be6 23. h4 h6 24. hxg5 hxg5 25. f4 Kg7 26. fxg5 Nh7 27. d5 cxd5 28.
cxd5 Bd7 29. Rac1 Rac8 30. Kf2 Nxg5 31. Ke3 Kf6 32. Rxc8 Rxc8 33. Rh1 Ke5 34.
Nf4 Rg8 35. Ne2 Rg7 36. Rh8 Nf7 37. Rh5 Nd6 38. a4 Be8 39. Rh3 b5 40. axb5 Bxb5
41. Rh6 1/2-1/2

[Event "WCh Women 2017"]
[Site "Tehran IRI"]
[Date "2017.02.19"]
[Round "3.2"]
[White "Padmini, Rout"]
[Black "Tan, Zhongyi"]
[Result "1/2-1/2"]
[WhiteElo "2387"]
[BlackElo "2502"]
[PlyCount "46"]
[EventDate "2017.02.11"]

1. e4 e5 2. Nf3 Nc6 3. Bb5 Nf6 4. O-O Nxe4 5. d4 Nd6 6. Bxc6 dxc6 7. dxe5 Nf5
8. Qxd8+ Kxd8 9. h3 h6 10. Rd1+ Ke8 11. Nc3 b6 12. Bf4 Be6 13. g4 Ne7 14. Nd4
a6 15. Bg3 c5 16. Nxe6 fxe6 17. f4 Nc6 18. Kg2 Be7 19. Ne2 Rf8 20. Rd2 Rd8 21.
Rxd8+ Bxd8 22. Rd1 g6 23. c3 Rf7 1/2-1/2

[Event "WCh Women 2017"]
[Site "Tehran IRI"]
[Date "2017.02.19"]
[Round "3.3"]
[White "Guramishvili, Sopiko"]
[Black "Harika, Dronavalli"]
[Result "1/2-1/2"]
[WhiteElo "2357"]
[BlackElo "2539"]
[PlyCount "105"]
[EventDate "2017.02.11"]

1. Nf3 c5 2. c4 Nc6 3. Nc3 e5 4. e3 Nf6 5. d4 e4 6. d5 exf3 7. dxc6 dxc6 8.
Qxd8+ Kxd8 9. gxf3 Be6 10. b3 Kc7 11. Bb2 Be7 12. Bd3 Rhd8 13. O-O-O b6 14. Ne2
g6 15. Rd2 Nh5 16. Ng3 Nf6 17. f4 Bg4 18. Rg1 Bf3 19. Be2 Rxd2 20. Kxd2 Rd8+
21. Ke1 Bxe2 22. Kxe2 a5 23. Be5+ Kb7 24. Bxf6 Bxf6 25. Ne4 Be7 26. Ng5 Bxg5
27. fxg5 Kc7 28. Rg4 Kd7 29. Rh4 Rh8 30. e4 Ke7 31. f4 Ke6 32. Rh3 b5 33. Kf3
a4 34. bxa4 bxa4 35. Kg4 Rd8 36. f5+ Ke5 37. Rxh7 Kxe4 38. Rxf7 gxf5+ 39. Rxf5
Rd2 40. Rxc5 Rxh2 41. g6 Rxa2 42. Rxc6 Rg2+ 43. Kh5 a3 44. Kh6 a2 45. Ra6 Kf5
46. Ra5+ Kf6 47. Ra6+ Kf5 48. Kh7 Rxg6 49. Ra5+ Kf6 50. Rxa2 Rg7+ 51. Kh8 Rc7
52. Ra6+ Ke5 53. Ra5+ 1/2-1/2

[Event "WCh Women 2017"]
[Site "Tehran IRI"]
[Date "2017.02.19"]
[Round "3.4"]
[White "Harika, Dronavalli"]
[Black "Guramishvili, Sopiko"]
[Result "1/2-1/2"]
[WhiteElo "2539"]
[BlackElo "2357"]
[PlyCount "101"]
[EventDate "2017.02.11"]

1. c4 e5 2. Nc3 Nf6 3. Nf3 Nc6 4. a3 d5 5. cxd5 Nxd5 6. Qc2 Be6 7. e3 a6 8. b4
Be7 9. Bb2 O-O 10. Rc1 Nxc3 11. Bxc3 f6 12. Bd3 g6 13. h4 Qd6 14. Be4 Bg4 15.
h5 Bxh5 16. Rxh5 gxh5 17. Bxh7+ Kh8 18. Qf5 Rf7 19. Bg6 Rg7 20. Qxh5+ Kg8 21.
Bc2 Qe6 22. Rb1 Kf8 23. Bb3 Qg4 24. Qh8+ Rg8 25. Qxg8+ Qxg8 26. Bxg8 Kxg8 27.
Ke2 Kf7 28. d4 exd4 29. Nxd4 Ne5 30. Rh1 Kg6 31. e4 Nc4 32. Nf5 Bf8 33. a4 b5
34. a5 Re8 35. f3 Ne5 36. Bxe5 Rxe5 37. Rc1 c5 38. bxc5 Rxc5 39. Rd1 Rc2+ 40.
Kf1 b4 41. Nd4 Ra2 42. Nb3 Bh6 43. Rd4 Be3 44. Rxb4 Rf2+ 45. Ke1 Rxg2 46. Rb8
Rb2 47. Rb7 Ra2 48. Kd1 Kg5 49. Rc7 Kf4 50. Rc6 Kxf3 51. Rxf6+ 1/2-1/2

[Event "WCh Women 2017"]
[Site "Tehran IRI"]
[Date "2017.02.19"]
[Round "3.5"]
[White "Girya, Olga"]
[Black "Ju, Wenjun"]
[Result "1/2-1/2"]
[WhiteElo "2458"]
[BlackElo "2583"]
[PlyCount "124"]
[EventDate "2017.02.11"]

1. d4 Nf6 2. c4 e6 3. Nf3 d5 4. Nc3 Bb4 5. Bg5 h6 6. Bxf6 Qxf6 7. e3 O-O 8. Rc1
dxc4 9. Bxc4 c5 10. O-O cxd4 11. Ne4 Qe7 12. Nxd4 Bd7 13. Be2 Nc6 14. a3 Nxd4
15. Qxd4 Ba5 16. Qc5 Bd8 17. Qxe7 Bxe7 18. Rc7 Bc6 19. Rxe7 Bxe4 20. Bf3 Bxf3
21. gxf3 Rab8 22. Rc1 Rfe8 23. Rxe8+ Rxe8 24. Rc7 Rb8 25. f4 g6 26. Kg2 Kg7 27.
b4 a6 28. Kf3 g5 29. Ke4 Kf6 30. h3 b5 31. Rc6 Ra8 32. Rb6 Ra7 33. f5 h5 34.
fxe6 fxe6 35. f4 gxf4 36. Kxf4 Rc7 37. Rxa6 Rc4+ 38. Kf3 Rh4 39. Kg3 Rc4 40.
Rb6 Rc3 41. Kf4 Rxa3 42. Rxb5 h4 43. Rb8 Rb3 44. b5 Rb4+ 45. Kf3 Ke5 46. b6 Kf6
47. b7 Ke5 48. Ke2 Ke4 49. Kd2 e5 50. Kc3 Rb1 51. Kc2 Rb6 52. Kd2 Rb5 53. Kc3
Kxe3 54. Kc4 Rb1 55. Kd5 e4 56. Re8 Rxb7 57. Rxe4+ Kf3 58. Rxh4 Kg3 59. Rh8 Rb4
60. Ke5 Rh4 61. Rxh4 Kxh4 62. Kf4 Kxh3 1/2-1/2

[Event "WCh Women 2017"]
[Site "Tehran IRI"]
[Date "2017.02.19"]
[Round "3.6"]
[White "Padmini, Rout"]
[Black "Tan, Zhongyi"]
[Result "1/2-1/2"]
[WhiteElo "2387"]
[BlackElo "2502"]
[PlyCount "114"]
[EventDate "2017.02.11"]

1. e4 d6 2. d4 Nf6 3. Nc3 g6 4. Be3 a6 5. a4 Bg7 6. Nf3 O-O 7. Qd2 b6 8. Bh6 e5
9. Bxg7 Kxg7 10. dxe5 dxe5 11. Qxd8 Rxd8 12. Nxe5 Re8 13. f4 Nbd7 14. Nxd7 Nxe4
15. O-O-O Nf2 16. Be2 Nxh1 17. Ne5 Nf2 18. Rf1 f6 19. Bf3 fxe5 20. Bxa8 Ng4 21.
fxe5 Bf5 22. Bb7 a5 23. h3 Ne3 24. Rf2 Rxe5 25. b3 Rc5 26. Ne4 Bxe4 27. Bxe4
Re5 28. Bb7 Nf5 29. Rd2 Nd6 30. Bf3 h5 31. Kb2 Kh6 32. Rd4 Kg5 33. c3 Re7 34.
b4 Re5 35. Kb3 Kf6 36. Rd2 Ke7 37. Rd3 Kf6 38. Bd5 g5 39. bxa5 bxa5 40. c4 g4
41. hxg4 hxg4 42. c5 Nf5 43. g3 Re3 44. Rxe3 Nxe3 45. Bb7 Ke5 46. Kc3 Nf5 47.
Kc4 Nxg3 48. Kb5 Ne4 49. Bc8 g3 50. Bh3 c6+ 51. Kxc6 Kd4 52. Kb5 Nxc5 53. Kxa5
Nxa4 54. Kxa4 Ke3 55. Kb4 Kf2 56. Kc3 g2 57. Bxg2 Kxg2 1/2-1/2

[Event "WCh Women 2017"]
[Site "Tehran IRI"]
[Date "2017.02.19"]
[Round "3.6"]
[White "Guramishvili, Sopiko"]
[Black "Harika, Dronavalli"]
[Result "1/2-1/2"]
[WhiteElo "2357"]
[BlackElo "2539"]
[PlyCount "69"]
[EventDate "2017.02.11"]

1. Nf3 Nf6 2. e3 g6 3. b4 Bg7 4. Bb2 d6 5. c4 O-O 6. Be2 a5 7. a3 axb4 8. axb4
Rxa1 9. Bxa1 c6 10. O-O Na6 11. b5 cxb5 12. cxb5 Nc5 13. d4 Nce4 14. Ne1 d5 15.
f3 Nd6 16. Nc3 Bd7 17. Qb3 Qa5 18. Bb2 Rc8 19. Nc2 Qb6 20. Nb4 e6 21. Nd3 Nc4
22. Nc5 Nd2 23. Qb4 Nxf1 24. Bxf1 Bf8 25. N3a4 Qd8 26. Qb3 b6 27. Nd3 Ne8 28.
Ne5 Rb8 29. e4 dxe4 30. fxe4 Bg7 31. Nc4 Nc7 32. Nd6 Ne8 33. Nc4 Nc7 34. Nd6
Ne8 35. Nc4 1/2-1/2